|
|
|
|
| LEADER |
02176nam a2200565 i 4500 |
| 001 |
nkc20213376507 |
| 003 |
CZ PrNK |
| 005 |
20230220113753.0 |
| 007 |
ta |
| 008 |
211126s2021 xr ach e 000 0dcze |
| 015 |
|
|
|a cnb003376507
|
| 020 |
|
|
|a 978-80-7323-366-2
|q (vázáno)
|
| 035 |
|
|
|a (OCoLC)1372328832
|
| 040 |
|
|
|a BOA001
|b cze
|d ABA001
|e rda
|
| 041 |
0 |
|
|a cze
|a slo
|
| 043 |
|
|
|a e-xr---
|
| 045 |
|
|
|a x-y-
|
| 072 |
|
7 |
|a 78.07
|x Hudebníci, skladatelé a jiná hudební povolání
|2 Konspekt
|9 9
|
| 080 |
|
|
|a 780.614.131.071.2
|2 MRF
|
| 080 |
|
|
|a 78.071.1/.2
|2 MRF
|
| 080 |
|
|
|a (437.3)
|2 MRF
|
| 080 |
|
|
|a (0:82-94)
|2 MRF
|
| 100 |
1 |
|
|a Kašuba, Milan,
|d 1940-
|7 ola200202552
|4 aut
|
| 245 |
1 |
0 |
|a Když struny života zní /
|c Milan Kašuba ; editor Dáša Ubrová
|
| 264 |
|
1 |
|a [Tišnov] :
|b Sursum,
|c 2021
|
| 300 |
|
|
|a 143 stran :
|b ilustrace, portréty, faksimile ;
|c 21 x 22 cm +
|e 1 CD audio
|
| 336 |
|
|
|a text
|b txt
|2 rdacontent
|
| 336 |
|
|
|a hraná hudba
|b prm
|2 rdacontent
|
| 337 |
|
|
|a bez média
|b n
|2 rdamedia
|
| 337 |
|
|
|a audio
|b s
|2 rdamedia
|
| 338 |
|
|
|a svazek
|b nc
|2 rdacarrier
|
| 338 |
|
|
|a audiodisk
|b sd
|2 rdacarrier
|
| 546 |
|
|
|a Částečně slovenský text
|
| 600 |
1 |
7 |
|a Kašuba, Milan,
|d 1940-
|7 ola200202552
|2 czenas
|
| 648 |
|
7 |
|a 20.-21. století
|7 ch462155
|2 czenas
|
| 650 |
0 |
7 |
|a kytaristé
|7 ph122071
|z Česko
|y 20.-21. století
|2 czenas
|
| 650 |
0 |
7 |
|a kytaristé
|7 ph122071
|x přátelé a spolupracovníci
|2 czenas
|
| 650 |
0 |
7 |
|a jazzoví hudebníci
|7 ph121333
|z Česko
|y 20.-21. století
|2 czenas
|
| 650 |
0 |
9 |
|a guitarists
|z Czechia
|y 20th-21st centuries
|2 eczenas
|
| 650 |
0 |
9 |
|a guitarists
|x friends and associates
|2 eczenas
|
| 650 |
0 |
9 |
|a jazz musicians
|z Czechia
|y 20th-21st centuries
|2 eczenas
|
| 655 |
|
7 |
|a vzpomínky
|7 fd133830
|2 czenas
|
| 655 |
|
9 |
|a reminiscences
|2 eczenas
|
| 700 |
1 |
|
|a Ubrová, Dagmar,
|d 1970-
|7 mzk2004148594
|4 edt
|
| 910 |
2 |
|
|a BOA001
|b 2-1474.867
|
| 990 |
|
|
|a BK
|
| 995 |
|
|
|a 01
|
| 991 |
|
|
|b 202201
|c NOV
|
| 996 |
6 |
|
|b 2610887961
|c 2-1474.867
|l MZK
|r Sklad / do 1 hodiny
|n 0
|p p.v.
|w 001871907
|u 000010
|a 1
|e BOA001
|j MZK50
|s P
|
| 996 |
7 |
|
|b 2610887962
|c 2-1474.867
|l MZK
|r Sklad / do 1 hodiny
|n 1
|p p.v.
|w 001871907
|u 000020
|a 1
|e BOA001
|j MZK50
|s A
|